000 00508nam a2200181Ia 4500
003 OSt
005 20200821103931.0
008 190216s9999||||xx |||||||||||||| ||und||
020 _a0074601237
040 _coclc
082 _a540.285
_bRAM/C
100 _aRaman, K V
_94247
245 0 _aComputers In Chemistry /
_cK V Raman
260 _bTata Mcgrawhill Publishers,
_c2002.
_aNew Delhi:
300 _a596p
650 _aChemistry
942 _cBK
_2ddc
_h540.285
_iRAM/C
_k540.285
_mRAM/C
999 _c2922
_d2922